Efecto de la fertilización nitrogenada sobre variables edáficas y nutrición del trigo /

Guardado en:
Autor Principal: Albarracín, Emmanuel.
Autor Corporativo: Universidad Nacional del Sur. Departamento de Agronomía.
Otros Autores: Martínez, Juan Manuel, (tutor.)
Formato: Libro
Idioma:Spanish
Publicado: Bahía Blanca, 2016.
Etiquetas: Agregar Etiqueta
Sin Etiquetas, Sea el primero en etiquetar este registro!
LEADER 00740nam a22001695a 4500
001 EEA.libagro010725
005 20181010092016.0
008 140403s2016####ag#a##########000#0#spa#d
082 0 4 |a 633.11894 
100 1 |a Albarracín, Emmanuel. 
245 1 0 |a Efecto de la fertilización nitrogenada sobre variables edáficas y nutrición del trigo /  |c Emmanuel Albarracín. 
260 |a Bahía Blanca,  |c 2016. 
300 |a 30 h. :  |b il. col. ;  |c 30 cm. 
500 |a Trabajo de intensificación (Ingeniero Agrónomo) -- Universidad Nacional del Sur. Departamento de Agronomía, 2016. 
700 1 |a Martínez, Juan Manuel,  |e tutor. 
710 2 |a Universidad Nacional del Sur.  |b Departamento de Agronomía. 
859 |a AR-BbBCA  |b BIB. AGRONOMIA  |h 633.11894  |i A327  |p 2016/6693